01010nab a22002057a 4500003000400000005001700004008004100021040000700062100003300069245011000102300001500212500003600227505014500263505014200408650002300550650001300573650004000586650002900626773014900655OSt20260101204518.0190514b xxu||||| |||| 00| 0 spa d cPJ aPellegrini, María Victoria10aValidez (y ejecución) de los convenios de liquidación de la comunidad /cMaría Victoria Pellegrini. ap. 125-134 aCita: TR LALEY AR/DOC/459/2025. aSumario: I. Introducción.— II. La sentencia.— III. Sobre la lesión.— IV. Sobre los convenios de liquidación.— V. Para cerrar.  aFallo comentado: GEJUAF Guaymallén ~ 13/09/2024 ~ J., C. R. L. c. R., C. D. s/ nulidad de acto jurídico-oposición a homologación. 0aDERECHO DE FAMILIA 0aDIVORCIO 0aLIQUIDACION DE LA SOCIEDAD CONYUGAL 0aJURISPRUDENCIA APLICABLE0 02844dBuenos Aires : AbeledoPerrot, 1989-tDerecho de familia. Revista Interdisciplinaria de doctrina y jurisprudencia. Abril 2025-II.z18511201